Mezanínový kapitál vo financiách a účtovníctve
Hybridný a veľmi heterogénny charakter mezanínového kapitálu zvyšuje nároky nielen pri účtovnom oceňovaní a vykazovaní, ale aj pri uskutočnení analýzy finančnej situácie. Mezanínový kapitál je tzv. „kvázi“ kapitálom s veľmi širokým ponímaním. Je to pôžička, ktorá nesie niektoré znaky vlastného kapit...
Uložené v:
| Hlavný autor: | |
|---|---|
| Médium: | Kapitola |
| Jazyk: | Slovak |
| Predmet: | |
| Tagy: |
Žiadne tagy, Buďte prvý, kto otaguje tento záznam!
|
MARC
| LEADER | 00000nla a2200000 4500 | ||
|---|---|---|---|
| 001 | 0188933 | ||
| 005 | 20240502073209.1 | ||
| 041 | 0 | |a slo | |
| 044 | |a SK | ||
| 245 | 1 | 0 | |a Mezanínový kapitál vo financiách a účtovníctve |c Ladislav Nagy |
| 520 | |a Hybridný a veľmi heterogénny charakter mezanínového kapitálu zvyšuje nároky nielen pri účtovnom oceňovaní a vykazovaní, ale aj pri uskutočnení analýzy finančnej situácie. Mezanínový kapitál je tzv. „kvázi“ kapitálom s veľmi širokým ponímaním. Je to pôžička, ktorá nesie niektoré znaky vlastného kapitálu. Je kvázi úverový zdroj medzi akciou a zabezpečeným dlhopisom. V účtovníctve a pri zostavovaní účtovnej závierky je potrebné mezanínový kapitál presne klasifikovať podľa vlastníka. | ||
| 610 | 2 | 0 | |a kapitál |
| 610 | 2 | 0 | |a financie |
| 610 | 2 | 0 | |a pôžičky |
| 610 | 2 | 0 | |a účtovníctvo |
| 610 | 2 | 0 | |a závierka účtovná |
| 100 | 1 | |a Nagy, Ladislav | |